1287 1416 1693 1839 1272 1701 1869 1787 1017 1401 1681 1228 1273 1023 1955 1190 1855 1014 1307 1047 1048 1159 1467 1881 1992 1271 1684 1532 1425 1953 1129 1622 1750 1532 1488 1635 1326 1453 1740 1278 1616 1405 1049 1257 1493 1855 1354 1607 1112 1159 1717 1137 1588 1838 1924 1059 1665 1840 1401 1188 1307 1516 1520 1765 1261 1233 1718 1022 1961 1634 1976 1423 1156 1354 1360 1451 1586 1328 1090 1738 1016 1330 1341 1040 1211 1185 1367 1828 1872 1081 1725 1899 1500 1417 1319 1943 1125 1070 1624 BCNSPRNW ULIB Ver.6.0+V

เปลี่ยนเป็นภาษาไทย

Change to English
 แสดงรายละเอียดบรรณานุกรม
  กลับหน้าหลัก

Brief Record : Get Marc (ISO 2709) : E-mail record : QR code < ปิดหน้าต่าง
LEADER : 00000nam 2200000uu 4500
001    13399122498
003     ULIB
008    120731s2555||||th 000 0 tha d
020    ^a9786160605521
090    ^aนว.^bT551พ
100 0  ^aTiara
245 00 ^aเพชรพราย...ประกายรัก /^cTiara
250    ^aพิมพ์ครั้งที่ 2
260    ^aกรุงเทพฯ :^bแจ่มใส,^c2555
300    ^a253 หน้า
500    ชุดพิเศษ ความรู้สึกดี...ที่เรียกว่ารัก
710 1  ^aแจ่มใส
945    ^p189^l0^i19957
995    ^aทศพร
999    ^aใช้งานได้ทุกระบบ
รายการนี้ยังไม่มีแท็ก
คุณยังไม่ได้ล็อกอิน คุณสามารถมีกิจกรรมร่วมกับเว็บไซต์ได้ แต่ต้องล็อกอินก่อน ::
  ล็อกอิน

รายการสื่อสารสนเทศ

ลำดับที่ ประเภท เลขเรียก/บาร์โค้ด สถานที่ สถานะ
1. นวนิยาย
นวนิยาย
นว. T551พ  
  Barcode: 19957
ห้องสมุดวิทยาเขตสวรรค์ประชารักษ์
►นวนิยาย
บนชั้น
  ขอยืม

รายการใกล้เคียง
    ผู้แต่ง [Tiara]

BibComment


ยังไม่เคยถูกคอมเมนท์

คอมเมนท์ทรัพยากรรายการนี้
  คอมเมนท์: เพชรพรายประกายรั..


 Copyright 2026. Bcnsprnw @Library